[Event "Bayern-chI Bank Hofmann 25th"]
[Site "Tegernsee"]
[Date "2022.11.13"]
[Round "9"]
[White "Bente, Bjoern"]
[Black "Zepke, Armin"]
[Result "1/2-1/2"]
[WhiteElo "2219"]
[BlackElo "2083"]
[PlyCount "43"]
[EventDate "2022.11.05"]
[EventType "swiss"]
[EventRounds "9"]
[EventCountry "GER"]
[SourceTitle "CBM 211 Extra"]
[Source "ChessBase"]
[SourceDate "2023.01.31"]
[SourceVersion "1"]
[SourceVersionDate "2023.01.31"]
[SourceQuality "1"]

1. Nf3 d5 2. g3 Nd7 3. d4 Nb6 4. Bg2 Bf5 5. 0-0 e6 6. Nbd2 c6 7. b3 Be7 8. Bb2 h6 9. Ne5 Nf6 10. f3 0-0 11. e4 Bh7 12. Nd3 Nfd7 13. Qe2 c5 14. c3 Rc8 15. Kh1 Re8 16. Rac1 a5 17. Nf2 a4 18. Qb5 axb3 19. axb3 Qc7 20. c4 Qc6 21. Qxc6 bxc6 22. Ra1 1/2-1/2

[Event "Bayern-chI Bank Hofmann 25th"]
[Site "Tegernsee"]
[Date "2022.11.11"]
[Round "7"]
[White "Bente, Bjoern"]
[Black "Mooser, Nicolas"]
[Result "1/2-1/2"]
[WhiteElo "2219"]
[BlackElo "2053"]
[PlyCount "39"]
[EventDate "2022.11.05"]
[EventType "swiss"]
[EventRounds "9"]
[EventCountry "GER"]
[SourceTitle "CBM 211 Extra"]
[Source "ChessBase"]
[SourceDate "2023.01.31"]
[SourceVersion "1"]
[SourceVersionDate "2023.01.31"]
[SourceQuality "1"]

1. d4 d5 2. Nf3 e6 3. g3 Nf6 4. Bg2 Be7 5. 0-0 0-0 6. c4 c6 7. Qc2 b6 8. Nbd2 Bb7 9. e4 Na6 10. a3 c5 11. e5 Nd7 12. dxc5 Naxc5 13. b4 Na6 14. Bb2 Rc8 15. Qd3 Ndb8 16. Qe2 dxc4 17. Nxc4 Nc7 18. Rfd1 Nd5 19. Ne3 Qe8 20. Rac1 1/2-1/2

[Event "GER-ch Net Amateur Gr-A Vor1"]
[Site "Playchess.com INT"]
[Date "2020.04.14"]
[Round "8"]
[White "Bente, Bjoern"]
[Black "Cofman, Veaceslav"]
[Result "0-1"]
[WhiteElo "2006"]
[BlackElo "2166"]
[PlyCount "54"]
[EventDate "2020.04.14"]
[EventType "swiss (blitz)"]
[EventRounds "9"]
[EventCountry "GER"]
[SourceTitle "EXT 2021"]
[Source "ChessBase"]
[SourceDate "2020.10.23"]
[SourceVersion "1"]
[SourceVersionDate "2020.10.23"]
[SourceQuality "1"]

1. d4 Nf6 2. Nf3 c5 3. d5 d6 4. Nc3 g6 5. e4 Bg7 6. h3 0-0 7. Bg5 h6 8. Be3 Na6 9. Qd2 Kh7 10. g4 Nc7 11. g5 Ng8 12. Be2 h5 13. 0-0-0 Bd7 14. Nh4 b5 15. Rdg1 b4 16. Nd1 Nb5 17. f4 Qa5 18. Bc4 Nc3 19. bxc3 bxc3 20. Qd3 Qa3+ 21. Kb1 Rab8+ 22. Bb3 Bb5 23. Bc1 Qa5 24. Qf3 c4 25. f5 cxb3 26. axb3 Rb6 27. f6 Ra6 0-1

[Event "GER-ch Net Amateur Gr-A Vor1"]
[Site "Playchess.com INT"]
[Date "2020.04.14"]
[Round "6"]
[White "Bente, Bjoern"]
[Black "Fromm, Marius"]
[Result "1/2-1/2"]
[WhiteElo "2006"]
[BlackElo "1957"]
[PlyCount "115"]
[EventDate "2020.04.14"]
[EventType "swiss (blitz)"]
[EventRounds "9"]
[EventCountry "GER"]
[SourceTitle "EXT 2021"]
[Source "ChessBase"]
[SourceDate "2020.10.23"]
[SourceVersion "1"]
[SourceVersionDate "2020.10.23"]
[SourceQuality "1"]

1. d4 Nf6 2. Nf3 d5 3. g3 e6 4. Bg2 Be7 5. 0-0 0-0 6. c4 dxc4 7. Qa4 a6 8. Qxc4 b5 9. Qc2 Bb7 10. Nc3 Nbd7 11. Bf4 c5 12. Rfd1 Qb6 13. Rac1 Rac8 14. Qb1 Rfd8 15. dxc5 Nxc5 16. Ne5 Bxg2 17. Kxg2 Qb7+ 18. f3 b4 19. Rxd8+ Rxd8 20. Nd1 Nd5 21. e4 Nxf4+ 22. gxf4 Rd2+ 23. Kg3 h5 24. Rc2 Rd8 25. Qc1 Qb5 26. Ne3 Nd3 27. Nxd3 Qxd3 28. Rc8 h4+ 29. Kf2 Rxc8 30. Qxc8+ Kh7 31. Qc2 Qd4 32. Ke2 Bc5 33. Qd2 Qf6 34. Ng4 Qe7 35. Ne5 Bd6 36. Nc4 Bc5 37. e5 g6 38. h3 Qc7 39. b3 Qc6 40. Qd3 Kg7 41. Qe4 Qb5 42. Qd3 Be7 43. Nd6 Qb6 44. Nc8 Qc7 45. Nxe7 Qxe7 46. Qxa6 Qc5 47. Qc4 Qa5 48. Qc2 Qb5+ 49. Ke1 Qb6 50. Qf2 Qc6 51. Qxh4 Qc1+ 52. Kf2 Qd2+ 53. Kg3 Qxa2 54. Qf6+ Kg8 55. Qd8+ Kg7 56. Qf6+ Kg8 57. Qd8+ Kg7 58. Qf6+ 1/2-1/2

[Event "GER-ch Net blitz qual4"]
[Site "Playchess.com INT"]
[Date "2020.03.23"]
[Round "6"]
[White "Bente, Bjoern"]
[Black "Ribbe, Juergen"]
[Result "1-0"]
[WhiteElo "2223"]
[BlackElo "1982"]
[PlyCount "41"]
[EventDate "2020.03.23"]
[EventType "swiss (blitz)"]
[EventRounds "9"]
[EventCountry "GER"]
[SourceTitle "CBM 195 Extra"]
[Source "ChessBase"]
[SourceDate "2020.05.31"]
[SourceVersion "1"]
[SourceVersionDate "2020.05.31"]
[SourceQuality "1"]

1. e4 g6 2. d4 Bg7 3. Nc3 d6 4. Nf3 c6 5. h3 Nd7 6. Be3 e5 7. dxe5 Nxe5 8. Qd2 Nxf3+ 9. gxf3 Nf6 10. 0-0-0 Ke7 11. e5 Ne8 12. exd6+ Qxd6 13. Qe1 Qe5 14. f4 Qe6 15. Bc5+ Kf6 16. Ne4+ Kf5 17. Bd3 Kxf4 18. Qe3+ Ke5 19. Qg3+ Kd5 20. Bc4+ Kxc4 21. Qb3# 1-0

[Event "Bayern-chI Bank Hofmann 22nd"]
[Site "Tegernsee"]
[Date "2018.10.28"]
[Round "2"]
[White "Mons, Leon"]
[Black "Bente, Bjoern"]
[Result "0-1"]
[WhiteElo "2554"]
[BlackElo "2228"]
[PlyCount "92"]
[EventDate "2018.10.27"]
[EventType "swiss"]
[EventRounds "9"]
[EventCountry "GER"]
[SourceTitle "CBM 187 Extra"]
[Source "ChessBase"]
[SourceDate "2018.11.04"]
[SourceVersion "1"]
[SourceVersionDate "2018.11.04"]
[SourceQuality "1"]

1. a3 d5 2. Nf3 Nf6 3. e3 c5 4. c4 Nc6 5. cxd5 Nxd5 6. Nc3 e6 7. d4 Be7 8. Bd3 0-0 9. 0-0 Nxc3 10. bxc3 b6 11. Qc2 h6 12. Qe2 Bb7 13. Bb2 Qc7 14. e4 Rfd8 15. Rad1 Rac8 16. d5 c4 17. Bc2 Ne5 18. dxe6 Nxf3+ 19. Qxf3 fxe6 20. Qg4 e5 21. Bc1 Qc6 22. Rd5 Rxd5 23. exd5 Qxd5 24. f3 Rc6 25. Rd1 Qc5+ 26. Kf1 Rd6 27. Rxd6 Qxd6 28. Qxc4+ Bd5 29. Qc8+ Kf7 30. Ba4 Be6 31. Qe8+ Kf6 32. Bc2 Bf7 33. Qc8 Be6 34. Qe8 Bf7 35. Qa4 Be6 36. Qe4 Kf7 37. Ke2 Bd5 38. Qf5+ Bf6 39. Bd3 Ke7 40. Qc8 Qc6 41. Qa6 e4 42. fxe4 Bxe4 43. Qxa7+ Ke6 44. c4 Bxg2 45. Be3 Bf1+ 46. Kd2 Qg2+ 0-1

[Event "Oberliga Nord N 1819"]
[Site "Germany"]
[Date "2018.10.21"]
[Round "1.5"]
[White "Bente, Bjoern"]
[Black "Korba, Roman"]
[Result "1/2-1/2"]
[WhiteElo "2228"]
[BlackElo "2128"]
[PlyCount "42"]
[EventDate "2018.10.21"]
[EventType "team-tourn"]
[EventRounds "9"]
[EventCountry "GER"]
[SourceTitle "EXT 2020"]
[Source "ChessBase"]
[SourceDate "2019.10.17"]
[SourceVersion "1"]
[SourceVersionDate "2019.10.17"]
[SourceQuality "1"]
[WhiteTeam "Hamburger SK III"]
[BlackTeam "Hamburg Diogenes"]
[WhiteTeamCountry "GER"]
[BlackTeamCountry "GER"]

1. d4 d5 2. c4 e6 3. Nf3 Nf6 4. g3 dxc4 5. Bg2 Bb4+ 6. Bd2 a5 7. 0-0 0-0 8. Qc2 Bxd2 9. Nbxd2 b5 10. a4 c6 11. b3 cxb3 12. Nxb3 b4 13. e4 Nbd7 14. Rfd1 Bb7 15. Rac1 h6 16. Ne5 Qc7 17. Nc4 Rfd8 18. Ne3 Qb6 19. Nc4 Qc7 20. Ne3 Qb6 21. Nc4 Qc7 1/2-1/2

[Event "Pardubice Czech op-A 29th"]
[Site "Pardubice"]
[Date "2018.07.25"]
[Round "6"]
[White "Krykun, Yuriy"]
[Black "Bente, Bjoern"]
[Result "1/2-1/2"]
[WhiteElo "2345"]
[BlackElo "2219"]
[PlyCount "217"]
[EventDate "2018.07.20"]
[EventType "swiss"]
[EventRounds "9"]
[EventCountry "CZE"]
[SourceTitle "CBM 185 Extra"]
[Source "ChessBase"]
[SourceDate "2018.07.29"]
[SourceVersion "1"]
[SourceVersionDate "2018.07.29"]
[SourceQuality "1"]

1. Nf3 Nf6 2. c4 e6 3. g3 d5 4. d4 dxc4 5. Bg2 a6 6. 0-0 Nc6 7. e3 Bd7 8. Qe2 Bd6 9. Qxc4 0-0 10. Rd1 Rb8 11. Nbd2 Qe7 12. Qe2 e5 13. dxe5 Nxe5 14. Nxe5 Bxe5 15. Nc4 Ba4 16. Re1 Rfd8 17. Nxe5 Qxe5 18. e4 Bb5 19. Qe3 Ng4 20. Qf4 Qh5 21. h3 Nf6 22. Qg5 Rd1 23. Be3 Rxa1 24. Rxa1 Qxg5 25. Bxg5 Re8 26. f3 Nd7 27. Rc1 Bc6 28. Bd2 Ne5 29. Bc3 f6 30. Rd1 Re7 31. Kf2 Rd7 32. Rxd7 Bxd7 33. f4 Nc6 34. Ke3 Be6 35. a3 Kf7 36. Bf1 Bb3 37. Bd3 Ke6 38. h4 h6 39. Be2 Ke7 40. Bg4 a5 41. Bf3 b6 42. e5 Na7 43. exf6+ gxf6 44. g4 Nb5 45. Bd2 c5 46. f5 Nd4 47. Bg2 h5 48. gxh5 Nxf5+ 49. Kf4 Bc2 50. Bh3 Nd4 51. Bg4 Ne6+ 52. Kg3 Nd4 53. h6 Kf7 54. Bf4 b5 55. Bc7 Nf5+ 56. Kf2 Kg6 57. Bxa5 Nxh4 58. Bd7 b4 59. axb4 cxb4 60. Bxb4 Kxh6 61. Bd2+ Kg7 62. b4 Nf5 63. b5 Nd6 64. b6 Be4 65. Bb4 Nc4 66. Bc5 Nxb6 67. Bxb6 Kf7 68. Bc5 Bc2 69. Ke3 Bb3 70. Bd6 Ba2 71. Kd4 Bb3 72. Kc5 Ba2 73. Bf5 Bb3 74. Kc6 Bc4 75. Bf4 Ke7 76. Bd2 Be6 77. Bc2 Bc4 78. Kc5 Ba2 79. Be4 Be6 80. Bb4 Bb3 81. Bf5 Be6 82. Kc6+ Kf7 83. Bd3 Bb3 84. Kd6 Ba2 85. Bc3 Bb3 86. Be2 Bc2 87. Bc4+ Kg6 88. Ke6 f5 89. Bd2 Bb1 90. Ke5 Bc2 91. Bb5 Kf7 92. Bg5 Bb1 93. Bf6 Bc2 94. Bc4+ Kg6 95. Bd8 Bb1 96. Bb5 Kf7 97. Bg5 Kg6 98. Bf4 Kf7 99. Bc4+ Kg6 100. Ke6 Bc2 101. Ke7 Kh5 102. Kf6 Kg4 103. Ke5 Kf3 104. Bd5+ Be4 105. Bb3 Kg4 106. Bd1+ Bf3 107. Bc2 Be4 108. Bxe4 fxe4 109. Kxe4 1/2-1/2

[Event "Pardubice Czech op-A 29th"]
[Site "Pardubice"]
[Date "2018.07.22"]
[Round "3"]
[White "Bente, Bjoern"]
[Black "Bruedigam, Martin"]
[Result "1/2-1/2"]
[WhiteElo "2219"]
[BlackElo "2387"]
[PlyCount "41"]
[EventDate "2018.07.20"]
[EventType "swiss"]
[EventRounds "9"]
[EventCountry "CZE"]
[SourceTitle "CBM 185 Extra"]
[Source "ChessBase"]
[SourceDate "2018.07.29"]
[SourceVersion "1"]
[SourceVersionDate "2018.07.29"]
[SourceQuality "1"]

1. e4 e5 2. Nf3 Nc6 3. Bc4 Bc5 4. 0-0 d6 5. d3 Nf6 6. a4 h6 7. c3 a5 8. Re1 0-0 9. h3 Re8 10. Nbd2 Be6 11. Bb5 Bd7 12. Nf1 Ne7 13. Bc4 Ng6 14. Be3 Bxe3 15. Rxe3 Nf4 16. Ng3 g6 17. Qb3 Qe7 18. d4 Reb8 19. Qa3 Re8 20. Qb3 Reb8 21. Qa3 1/2-1/2

[Event "Pardubice op rapid 29th"]
[Site "Pardubice"]
[Date "2018.07.19"]
[Round "8"]
[White "Zaitsev, Alexander"]
[Black "Bente, Bjoern"]
[Result "1-0"]
[WhiteElo "2499"]
[BlackElo "2219"]
[PlyCount "55"]
[EventDate "2018.07.18"]
[EventType "swiss (rapid)"]
[EventRounds "9"]
[EventCountry "CZE"]
[SourceTitle "CBM 185 Extra"]
[Source "ChessBase"]
[SourceDate "2018.07.29"]
[SourceVersion "1"]
[SourceVersionDate "2018.07.29"]
[SourceQuality "1"]

1. e4 e6 2. d4 d5 3. Nc3 Nf6 4. e5 Nfd7 5. Nf3 c5 6. dxc5 Nc6 7. Bf4 Nxc5 8. Qd2 Be7 9. h4 a6 10. h5 h6 11. Rh3 b5 12. 0-0-0 b4 13. Ne2 Ne4 14. Qe3 a5 15. Ned4 Nxd4 16. Nxd4 Bd7 17. f3 Nc5 18. Rg3 Kf8 19. Kb1 a4 20. Rg4 Qa5 21. Qd2 Qa7 22. Be3 b3 23. cxb3 axb3 24. a3 Qb7 25. Rc1 Na4 26. Be2 Bxa3 27. bxa3 Nb6 28. Qb4+ 1-0

[Event "Pardubice op rapid 29th"]
[Site "Pardubice"]
[Date "2018.07.18"]
[Round "3"]
[White "Kobo, Ori"]
[Black "Bente, Bjoern"]
[Result "1-0"]
[WhiteElo "2508"]
[BlackElo "2219"]
[PlyCount "31"]
[EventDate "2018.07.18"]
[EventType "swiss (rapid)"]
[EventRounds "9"]
[EventCountry "CZE"]
[SourceTitle "CBM 185 Extra"]
[Source "ChessBase"]
[SourceDate "2018.07.29"]
[SourceVersion "1"]
[SourceVersionDate "2018.07.29"]
[SourceQuality "1"]

1. Nf3 d5 2. g3 Nf6 3. Bg2 e6 4. c4 dxc4 5. 0-0 a6 6. Qc2 Nbd7 7. a4 c5 8. a5 Rb8 9. Qxc4 b5 10. axb6 Nxb6 11. Qc2 Bd6 12. d3 0-0 13. Bd2 Nbd5 14. e4 Nb4 15. Bxb4 Rxb4 16. e5 1-0

[Event "Oberliga Nord N 1718"]
[Site "Germany"]
[Date "2018.03.18"]
[Round "8.2"]
[White "Bente, Bjoern"]
[Black "Reinecker, Kai"]
[Result "1/2-1/2"]
[WhiteElo "2216"]
[BlackElo "2249"]
[PlyCount "65"]
[EventDate "2017.10.08"]
[EventType "team-tourn"]
[EventRounds "9"]
[EventCountry "GER"]
[SourceTitle "EXT 2019"]
[Source "ChessBase"]
[SourceDate "2018.10.10"]
[SourceVersion "1"]
[SourceVersionDate "2018.10.10"]
[SourceQuality "1"]
[WhiteTeam "Hamburger SK III"]
[BlackTeam "Preetz"]
[WhiteTeamCountry "GER"]
[BlackTeamCountry "GER"]

1. d4 Nf6 2. c4 e6 3. g3 d5 4. Bg2 Be7 5. Nf3 0-0 6. 0-0 c6 7. b3 Nbd7 8. Bb2 Ne4 9. Ne1 f5 10. Nd3 Bd6 11. Qc2 Qe7 12. a4 b6 13. f3 Nxg3 14. hxg3 Bxg3 15. f4 Qh4 16. Rf3 Rf6 17. e3 Rg6 18. Nc3 Ba6 19. Ne2 Qh2+ 20. Kf1 Bh4 21. Nec1 dxc4 22. bxc4 Rg3 23. Rxg3 Qxg3 24. Ne2 Qh2 25. Ng1 Nf6 26. Ne5 Ng4 27. Qe2 Qxf4+ 28. Ngf3 Nxe3+ 29. Kg1 Nxg2 30. Qxg2 Qe3+ 31. Kh1 Bf6 32. Re1 Qh6+ 33. Qh2 1/2-1/2

[Event "GER CupT 1718 Round2 (2)"]
[Site "Weyhe Kirchweyhe"]
[Date "2018.03.03"]
[Round "1"]
[White "Bente, Bjoern"]
[Black "Malek, Daniel"]
[Result "0-1"]
[WhiteElo "2236"]
[BlackElo "2404"]
[PlyCount "88"]
[EventDate "2018.03.03"]
[EventType "team-k.o."]
[EventRounds "2"]
[EventCountry "GER"]
[SourceTitle "CBM 183 Extra"]
[Source "ChessBase"]
[SourceDate "2018.04.19"]
[SourceVersion "1"]
[SourceVersionDate "2018.04.19"]
[SourceQuality "1"]
[WhiteTeam "Hamburger SK"]
[BlackTeam "Zehlendorf"]
[WhiteTeamCountry "GER"]
[BlackTeamCountry "GER"]

1. e4 e5 2. Nf3 Nf6 3. Nc3 Nc6 4. d4 exd4 5. Nxd4 Bb4 6. Nxc6 bxc6 7. Bd3 0-0 8. 0-0 d5 9. exd5 cxd5 10. Bg5 c6 11. Qf3 Re8 12. h3 h6 13. Bxf6 Qxf6 14. Qxf6 gxf6 15. Ne2 Bd6 16. Nd4 c5 17. Bb5 Re7 18. Bc6 Rb8 19. Nb5 Be5 20. Nc3 Rxb2 21. Nxd5 Re6 22. Ba4 Bb7 23. Rad1 c4 24. Ne3 Rxa2 25. Rd8+ Kh7 26. Bd7 Re7 27. Bf5+ Kg7 28. Nxc4 Ba6 29. Bd3 Bxc4 30. Bxc4 Rxc2 31. Bb5 Rb7 32. Rd5 a5 33. f4 Bc7 34. Rf3 Rb2 35. Bc6 R7b6 36. Bd7 R6b4 37. Be8 Re2 38. Bb5 Reb2 39. Bd3 Rd2 40. Rf5 Rb3 41. Rd5 Rbb2 42. Rg3+ Kf8 43. Be4 Re2 44. Bd3 Re1+ 0-1

[Event "Oberliga Nord N 1718"]
[Site "Germany"]
[Date "2018.01.21"]
[Round "5.3"]
[White "Hermesmann, Hans"]
[Black "Bente, Bjoern"]
[Result "1/2-1/2"]
[WhiteElo "2242"]
[BlackElo "2216"]
[PlyCount "128"]
[EventDate "2017.10.08"]
[EventType "team-tourn"]
[EventRounds "9"]
[EventCountry "GER"]
[SourceTitle "EXT 2019"]
[Source "ChessBase"]
[SourceDate "2018.10.10"]
[SourceVersion "1"]
[SourceVersionDate "2018.10.10"]
[SourceQuality "1"]
[WhiteTeam "Hamburg SF"]
[BlackTeam "Hamburger SK III"]
[WhiteTeamCountry "GER"]
[BlackTeamCountry "GER"]

1. d4 d5 2. c4 e6 3. Nc3 Nf6 4. cxd5 exd5 5. Bg5 c6 6. Qc2 Be7 7. e3 Nbd7 8. Bd3 h6 9. Bh4 Nh5 10. Bxe7 Qxe7 11. Nge2 Nb6 12. 0-0 0-0 13. Rab1 a5 14. a3 a4 15. Qd1 Qg5 16. Qc2 Re8 17. Rbe1 Bg4 18. Ng3 Nxg3 19. hxg3 h5 20. f3 Bd7 21. Qf2 Bf5 22. e4 dxe4 23. fxe4 Bg6 24. Bb1 Re7 25. Ba2 Nd7 26. e5 Rf8 27. Re3 Nf6 28. Qf4 Qxf4 29. gxf4 Ng4 30. Ref3 Bf5 31. Bb1 Bxb1 32. Rxb1 Rd8 33. Rd1 f6 34. Rfd3 c5 35. exf6 gxf6 36. d5 b5 37. d6 Rb7 38. Rh3 Rb6 39. Rxh5 Rbxd6 40. Rxd6 Rxd6 41. Rxc5 Rd4 42. Rxb5 Rxf4 43. Rb4 Rxb4 44. axb4 Kf7 45. Nxa4 Ke6 46. Nc3 Ne5 47. b5 Nd3 48. Na4 Kd5 49. Kh2 f5 50. Kg3 Kd6 51. Kf3 Ne1+ 52. Kf2 Nc2 53. g3 Nd4 54. b6 Kc6 55. Ke3 Ne6 56. b4 Ng7 57. Kf3 Ne6 58. Nc5 Nd4+ 59. Ke3 Nc2+ 60. Kf4 Kxb6 61. Kxf5 Nxb4 62. Ne4 Kc7 63. Kf4 Kc6 64. g4 Nd5+ 1/2-1/2

[Event "Bayern-chI Bank Hofmann 21st"]
[Site "Tegernsee"]
[Date "2017.11.05"]
[Round "9"]
[White "Bente, Bjoern"]
[Black "Hoppe, Thilo"]
[Result "1/2-1/2"]
[WhiteElo "2272"]
[BlackElo "2128"]
[PlyCount "41"]
[EventDate "2017.10.28"]
[EventType "swiss"]
[EventRounds "9"]
[EventCountry "GER"]
[SourceTitle "CBM 181 Extra"]
[Source "ChessBase"]
[SourceDate "2017.12.12"]
[SourceVersion "1"]
[SourceVersionDate "2017.12.12"]
[SourceQuality "1"]

1. d4 Nf6 2. c4 g6 3. f3 Bg7 4. e4 d6 5. Ne2 0-0 6. Be3 c5 7. Qd2 Nc6 8. d5 Ne5 9. Nec3 e6 10. Be2 exd5 11. cxd5 a6 12. a4 Re8 13. 0-0 Rb8 14. Na3 Qc7 15. Kh1 h5 16. h3 Ned7 17. a5 b5 18. axb6 Nxb6 19. Nc2 Nfd7 20. Bf4 Ne5 21. Ne3 1/2-1/2

[Event "Blankenese op 1st"]
[Site "Hamburg"]
[Date "2017.09.22"]
[Round "3.10"]
[White "Herlan, Klaus Juergen"]
[Black "Bente, Bjoern"]
[Result "0-1"]
[WhiteElo "1948"]
[BlackElo "2310"]
[PlyCount "44"]
[EventDate "2017.09.30"]
[EventType "swiss"]
[EventRounds "7"]
[EventCountry "GER"]
[SourceTitle "EXT 2020"]
[Source "ChessBase"]
[SourceDate "2019.10.17"]
[SourceVersion "1"]
[SourceVersionDate "2019.10.17"]
[SourceQuality "1"]

1. d4 d5 2. Nf3 Nf6 3. e3 e6 4. Bd3 b6 5. Nbd2 Bb7 6. Ne5 Bd6 7. f4 0-0 8. Qf3 c5 9. c3 Nc6 10. 0-0 Rc8 11. g4 Ne7 12. g5 Nd7 13. Qh3 g6 14. Ng4 f5 15. gxf6 Nxf6 16. Nh6+ Kg7 17. Nf3 Nf5 18. Ng5 Qe7 19. Ng4 Nxg4 20. Qxh7+ Kf6 21. Bxf5 exf5 22. Qh4 Rh8 0-1